| 000 | 00401cam a22001097a 4500 | ||
|---|---|---|---|
| 008 | 180718b1966 xxu||||| |||| 00| 0 eng d | ||
| 082 | _aY15 F739ev | ||
| 245 |
_aEvalution of agrarian reform programs : a methodological study _cby Food and Aricultural Organization, Italy |
||
| 260 |
_aRome _bFood and Aricultural Organization _c1966 |
||
| 300 | _a52+p. | ||
| 700 | _aItaly. Food and Aricultural Organization | ||
| 999 |
_c499137 _d499137 |
||